<?xml version="1.0" encoding="UTF-8"?>
<record
    xmlns:xsi="http://www.w3.org/2001/XMLSchema-instance"
    xsi:schemaLocation="http://www.loc.gov/MARC21/slim http://www.loc.gov/standards/marcxml/schema/MARC21slim.xsd"
    xmlns="http://www.loc.gov/MARC21/slim">

  <leader>00661nam a2200193   4500</leader>
  <controlfield tag="005">20260508063901.0</controlfield>
  <controlfield tag="008">210611b1921    it ||||| |||| 00| 0 ita d</controlfield>
  <datafield tag="040" ind1=" " ind2=" ">
    <subfield code="a">AR-MoUNM</subfield>
  </datafield>
  <datafield tag="082" ind1="0" ind2=" ">
    <subfield code="2">20</subfield>
    <subfield code="b">CHIN 539</subfield>
  </datafield>
  <datafield tag="100" ind1="1" ind2=" ">
    <subfield code="a">Chini, Mineo.</subfield>
    <subfield code="9">19952</subfield>
  </datafield>
  <datafield tag="245" ind1="1" ind2="0">
    <subfield code="a">Lezioni sull' integrazione delle equazioni differenziali : </subfield>
    <subfield code="b">ad uso degli studenti di chimica /</subfield>
    <subfield code="c">Mineo Chini.</subfield>
  </datafield>
  <datafield tag="260" ind1=" " ind2=" ">
    <subfield code="a">Livorno :</subfield>
    <subfield code="b">Raffaello Giusti,</subfield>
    <subfield code="c">1921.</subfield>
  </datafield>
  <datafield tag="300" ind1=" " ind2=" ">
    <subfield code="a">200 p.</subfield>
  </datafield>
  <datafield tag="650" ind1=" " ind2="7">
    <subfield code="a">MATEMATICAS</subfield>
    <subfield code="2">unescot</subfield>
    <subfield code="9">59</subfield>
  </datafield>
  <datafield tag="650" ind1=" " ind2="7">
    <subfield code="a">ECUACION</subfield>
    <subfield code="2">unescot</subfield>
    <subfield code="9">767</subfield>
  </datafield>
  <datafield tag="650" ind1=" " ind2="7">
    <subfield code="a">QUIMICA</subfield>
    <subfield code="2">unescot</subfield>
    <subfield code="9">377</subfield>
  </datafield>
  <datafield tag="856" ind1=" " ind2=" ">
    <subfield code="q">img</subfield>
    <subfield code="u">http://biblioteca.unm.edu.ar/documentos/imagenes/catalogacion.jpg</subfield>
  </datafield>
  <datafield tag="942" ind1=" " ind2=" ">
    <subfield code="c">PRECATALOG</subfield>
  </datafield>
  <datafield tag="999" ind1=" " ind2=" ">
    <subfield code="c">15699</subfield>
    <subfield code="d">15700</subfield>
  </datafield>
  <datafield tag="952" ind1=" " ind2=" ">
    <subfield code="0">0</subfield>
    <subfield code="1">0</subfield>
    <subfield code="4">0</subfield>
    <subfield code="7">0</subfield>
    <subfield code="a">UNM</subfield>
    <subfield code="b">UNM</subfield>
    <subfield code="d">2021-06-11</subfield>
    <subfield code="e">Donaci&#xF3;n Sandra Battaglino</subfield>
    <subfield code="l">0</subfield>
    <subfield code="r">2021-06-11 00:00:00</subfield>
    <subfield code="t">Ej. C</subfield>
    <subfield code="w">2021-06-11</subfield>
    <subfield code="y">PRECATALOG</subfield>
  </datafield>
</record>
